000 00807nam a2200253 a 4500
001 6112
003 BD-RjUL
005 20211208234204.0
008 170103s1954 enk 000 0 eng d
035 _a(BD-RjUL)6151
040 _aBD-RjUL
_beng
_cBD-RjUL
_dBD-RjUL
041 _aeng
082 _a398.20954133
_bELT 1954
_223
100 1 _aElwin, Verrier,
_d1902-1964.
_916666
245 1 0 _aTribal myths of Orissa /
_cVerrier Elwin.
260 _aLondon :
_bOxford University Press,
_c1954.
300 _alv, 700 p. ;
_c22 cm.
490 _aSpecimens of the oral literature of Middle India
500 _aIncludes indexes.
650 0 _aMythology, Indic
_919241
_zOrissa
650 0 _aHindu mythology
_9181529
_zOrissa
830 0 _aSpecimens of the oral literature of Middle India
_9181306
942 _2ddc
_cBK
999 _c6112
_d6112